<?xml version="1.0" encoding="UTF-8"?>
<record
    xmlns:xsi="http://www.w3.org/2001/XMLSchema-instance"
    xsi:schemaLocation="http://www.loc.gov/MARC21/slim http://www.loc.gov/standards/marcxml/schema/MARC21slim.xsd"
    xmlns="http://www.loc.gov/MARC21/slim">

  <leader>     nam a22     7a 4500</leader>
  <datafield tag="999" ind1=" " ind2=" ">
    <subfield code="c">336703</subfield>
    <subfield code="d">336703</subfield>
  </datafield>
  <controlfield tag="003">IT-MiCISF</controlfield>
  <controlfield tag="005">20170531143734.0</controlfield>
  <controlfield tag="008">170531b        xxu||||| |||| 00| 0 eng d</controlfield>
  <datafield tag="040" ind1=" " ind2=" ">
    <subfield code="c">IT-MiCISF</subfield>
  </datafield>
  <datafield tag="041" ind1=" " ind2=" ">
    <subfield code="a">it</subfield>
  </datafield>
  <datafield tag="100" ind1=" " ind2=" ">
    <subfield code="a">McManamy Heather </subfield>
    <subfield code="9">56501</subfield>
  </datafield>
  <datafield tag="245" ind1=" " ind2=" ">
    <subfield code="a">Lettere a mia figlia sul senso della vita</subfield>
  </datafield>
  <datafield tag="260" ind1=" " ind2=" ">
    <subfield code="a">Milano</subfield>
    <subfield code="b">Cairo</subfield>
    <subfield code="c">2016</subfield>
  </datafield>
  <datafield tag="300" ind1=" " ind2=" ">
    <subfield code="a">pp. 187</subfield>
  </datafield>
  <datafield tag="500" ind1=" " ind2=" ">
    <subfield code="a">famiglia, malato-in-famiglia, malato-oncologico, madre, esperienze</subfield>
  </datafield>
  <datafield tag="520" ind1=" " ind2=" ">
    <subfield code="a">Heather ha trentatr&#xE9; anni, un marito speciale e una bambina meravigliosa, una bella casa e un lavoro che le piace: una vita perfetta. Poi un giorno, all&#x2019;improvviso, le viene diagnosticato un tumore al seno, stadio IV: due anni da vivere, al massimo. Assorbito lo choc iniziale, il suo primo pensiero &#xE8; per la figlia Brianna, quattro anni, a tutto quello che deve ancora dirle. &#xC8; cos&#xEC; che le viene un&#x2019;idea: per tutti i momenti fondamentali come il primo giorno di scuola, la prima cotta, la patente, la laurea, il matrimonio, un successo ma anche solo una giornataccia, Brianna trover&#xE0; una lettera colorata di sua madre ad aspettarla. Lettere intense, vere, emozionanti, che sono raccolte qui, insieme ai pensieri sull&#x2019;amore, sulla speranza, sulla vita, sul senso ultimo delle cose. Un regalo prezioso per la piccola Brianna, per il marito Jeff, per gli amici, per la famiglia e per tutti i lettori, per imparare a vivere ogni minuto, ogni ora, ogni giorno con pienezza, gratitudine e allegria.

</subfield>
  </datafield>
  <datafield tag="650" ind1=" " ind2=" ">
    <subfield code="a">famiglia</subfield>
    <subfield code="9">56036</subfield>
  </datafield>
  <datafield tag="654" ind1=" " ind2=" ">
    <subfield code="a">testimonianza</subfield>
  </datafield>
  <datafield tag="700" ind1=" " ind2=" ">
    <subfield code="a">Croyle W.</subfield>
    <subfield code="9">56502</subfield>
  </datafield>
  <datafield tag="942" ind1=" " ind2=" ">
    <subfield code="2">ddc</subfield>
    <subfield code="c">BK</subfield>
  </datafield>
  <datafield tag="952" ind1=" " ind2=" ">
    <subfield code="0">0</subfield>
    <subfield code="1">0</subfield>
    <subfield code="2">ddc</subfield>
    <subfield code="4">0</subfield>
    <subfield code="6">A_2230_000000000000000</subfield>
    <subfield code="7">1</subfield>
    <subfield code="a">CISF</subfield>
    <subfield code="b">CISF</subfield>
    <subfield code="d">2017-05-31</subfield>
    <subfield code="l">0</subfield>
    <subfield code="o">a2230</subfield>
    <subfield code="p">9788860527417</subfield>
    <subfield code="r">2017-05-31 00:00:00</subfield>
    <subfield code="w">2017-05-31</subfield>
    <subfield code="y">BK</subfield>
  </datafield>
</record>
